Majusov najobľúbenejší gombík

Bibliographic Details
Main Author: Kollár, Jozef, 1960- (Author)
Other Authors: Csiba, Viktor (Illustrator)
Format: Book
Language:Slovak
PhysicalDescription:61 s. fareb. ilustr. 21 cm
Published: Bratislava Regent 2007
ISBN:9788088904625
Edition:1. vyd.
Subjects:

MARC

LEADER 00000nam a2200000 a 4500
001 vtls009179315
003 SK-MaSNL
005 20260301224310.0
008 240313s2007 xo a c 000 j slo
015 |a SNBA2008/02-00871 
020 |a 9788088904625  |q (viaz.) 
035 |a 079027C3-0016-4779-B769-0DF6D6AFC7D4 
035 |a urn:nbn:sk:snk-amkzdv 
035 |a urn:nbn:sk:snk-am008p53 
040 |a SNK  |b slo  |c SNK  |e AACR2 
041 0 |a slo 
044 |a xo  |c SK 
072 7 |a 821-93  |x Literatúra pre deti a mládež  |2 konspekt 
072 7 |a 821.162.4-3  |x Slovenská próza  |2 konspekt 
080 |a 821.162.4-3  |2 2001 
080 |a 821-93  |2 2001 
100 1 |a Kollár, Jozef,  |d 1960-  |4 aut  |9 111263 
245 1 0 |a Majusov najobľúbenejší gombík  |c napísal Jozef Kollár ; ilustroval Viktor Csiba 
250 |a 1. vyd. 
260 |a Bratislava  |b Regent  |c 2007 
300 |a 61 s.  |b fareb. ilustr.  |c 21 cm 
655 7 |a slovenské príbehy  |2 SNKPH  |9 70494 
655 7 |a publikácie pre deti  |2 SNKPH  |9 70148 
700 1 |a Csiba, Viktor  |4 ill  |9 213396 
919 |a 978-80-88904-62-5 
958 |a LX 
958 |a DB 
968 |d 821 
999 |c 946720  |d 948650 
952 |a SNK  |b SNK  |y VYP  |7 0  |p 17A0578886  |o snkSC 130627 D1  |i snk2008/2511  |8 0  |0 0  |1 0  |4 0  |d 2008-01-30  |l 0  |r 2026-02-24 09:36:29  |w 2026-02-24 
952 |a SNK  |b SNK  |y PREZ  |7 0  |p 17A0578885  |o snkSC 130627  |i snk2008/2510  |8 0  |0 0  |1 0  |4 0  |d 2008-01-30  |f 1  |l 0  |r 2025-06-19 00:00:00  |w 2026-02-24